| 000 | 00881cab a2200241 4500 | ||
|---|---|---|---|
| 001 | X85351 | ||
| 008 | 090401t1997 xxu||||| |||| 00| 0 eng d | ||
| 035 | _a(Sirsi) u79761 | ||
| 041 | _aeng | ||
| 245 | _aKing v Jackson | ||
| 260 | _c1997 | ||
| 350 | _a0 | ||
| 490 |
_aNew Property Cases _v[1997] NPC 116, (4) |
||
| 520 | _aCA 16 July 1997. Damages for wrongful eviction under the Housing Act 1988 are not necessarily the difference between the tenanted value and vacant possession. The Court is able to sidestep a calculation by awarded damages for breach of a covenant for quiet possession. Taken from aricle header. NOT TO BE PHOTOCOPIED. | ||
| 650 | _aDAMAGES | ||
| 650 | _aEVICTION | ||
| 650 | _aHOUSING ACT 1988 | ||
| 650 | _aKING V JACKSON | ||
| 650 | _aVACANT POSSESSION | ||
| 690 | _aPROPERTY LAW AND PRACTICE-CASE LAW | ||
| 942 | _n0 | ||
| 948 | _c21/07/1997 | ||
| 999 |
_c50179 _d50179 |
||